Παιδικά παθήματα : που έγραψε ο Κύπρος Χρυσάνθης.
Saved in:
| Main Author: | |
|---|---|
| Format: | Book |
| Language: | Greek |
| Published: |
Λευκωσία :
Βιβλία Για Παιδιά,
1990.
|
| Subjects: | |
| Tags: |
Add Tag
No Tags, Be the first to tag this record!
|
MARC
| LEADER | 00000cam a2200000 i 4500 | ||
|---|---|---|---|
| 001 | 1/82990 | ||
| 008 | 970313s1990 cy ||||||| |||| ||gre|| | ||
| 035 | |a 1992 |b 3 |c Δωρεά |l 10034083 | ||
| 040 | |a GR-MY-UA |b gre |e aacr | ||
| 041 | 0 | |a gre | |
| 082 | 7 | |a 808.899282 |2 (22) | |
| 100 | 1 | |a Χρυσάνθης, Κύπρος, |d 1915-1998. | |
| 245 | 1 | 0 | |a Παιδικά παθήματα : |b που έγραψε ο Κύπρος Χρυσάνθης. |
| 260 | |a Λευκωσία : |b Βιβλία Για Παιδιά, |c 1990. | ||
| 300 | |a 47 σ. ; |c 17 εκ. | ||
| 500 | |a Το Πρωτοχρονιάτικο δώρο -- Το Πρωταπριλιάτικο ψέμα -- Το σπάσιμο του βάζου -- Ο Κωστάκης και το μπαστούνι -- Ο Περικλής κι οι μέλισσες -- Το δάκρυ του Γιώργου -- Οι βιασύνες του Λάκη -- Ο νέος αδελφός -- Στην παραλία -- Τα πέντε γειτονόπουλα. | ||
| 650 | 0 | 0 | |a Children's literature, Greek (Modern) |z Cyprus. |
| 655 | 7 | |a Fairy tales |2 lcgft | |
| 852 | |a INST |b RHODES |e 19970313 |h 808.899282 ΧΡΥ |p 005400000079 |q 005400000079 |t BK |y 0 | ||
| 909 | |a Ρ |b 022268 | ||
| 970 | |z 2000/06/ΟΙΚΟΝΟΜΟΠΟΥΛΟΥ (SUBJECT) | ||